000 00517nam a2200193Ia 4500
999 _c15097
_d15097
003 OSt
005 20201116102512.0
008 190216s9999||||xx |||||||||||||| ||und||
020 _a8186830804
040 _coclc
082 _a428.1
_bWIL/B
100 _aWilliam, James
_96594
245 0 _aBoost Your Vocabulary /
_cJames William
250 _a1st Ed.
260 _bPentagon Press,
_c2004.
_aDelhi:
300 _a216p
650 _aEnglish
942 _cBK
_2ddc
_h428.1
_iWIL/B
_k428.1
_mWIL/B